Butterflies in heat : a novel by Darwin Porter.

Uloženo v:
Podrobná bibliografie
Hlavní autor: Porter, Darwin (Autor)
Médium: Kniha
Jazyk:angličtina
Vydáno: Sarasota : STARbooks/FLF, 1997
Tagy: Přidat tag
Žádné tagy, Buďte první, kdo vytvoří štítek k tomuto záznamu!

MARC

LEADER 00000nam a22000007i 4500
001 IT\ICCU\UBO\2258226
003 ItRI
005 20260115231837.0
008 030728s1997 xxu|||||| ||||| |||||c
020 |a 1877978957 
040 |b ita  |c importazione bologna sebina 
041 7 |a eng  |2 ISO-639-2 
100 1 |a Porter, Darwin  |0 IT\ICCU\CFIV\055355  |4 aut 
245 1 0 |a Butterflies in heat :  |b a novel by Darwin Porter. 
260 |a Sarasota :  |b STARbooks/FLF,  |c 1997 
300 |a 448 p. ;  |c 22 cm. 
942 |2 ddc  |c BK  |n 0 
952 |0 0  |1 0  |4 0  |6 DOC_813_540000000000000_POR  |7 0  |9 14035  |a BO  |b BO  |d 2026-01-15  |i 7573  |l 0  |o DOC 813.54 POR  |p BO7573  |r 2026-01-15 23:18:37  |w 2026-01-15  |x [Sebina 5] [1 v.]  |y BK  |z 1 v. 
999 |c 12094  |d 12094